Critical applied linguistics: a critical introduction

I tiakina i:
Ngā taipitopito rārangi puna kōrero
Kaituhi matua: Pennycook, Alastair (Author)
Hōputu: Pukapuka
Reo:Ingarihi
I whakaputaina: Mahwah Lawrence Erlbaum Associates 2001
Ngā marau:
Ngā Tūtohu: Tāpirihia he Tūtohu
Kāore He Tūtohu, Me noho koe te mea tuatahi ki te tūtohu i tēnei pūkete!

MARC

LEADER 00000nam a2200000 a 4500
001 UCM3426
003 CL-VaPUC
008 020705e20010000us |||||||||||||||||eng|d
020 |a 0805837922 
082 0 4 |a 418  |b PEN  |2 21 
100 0 |a Pennycook, Alastair  |e author  |9 470233 
245 1 0 |a Critical applied linguistics: a critical introduction 
300 |a 206 p 
942 |c BK 
945 |d 20020705 00:00:00  |a cmena 
260 |a Mahwah  |b Lawrence Erlbaum Associates  |c 2001 
650 0 |a Lingüística aplicada   |9 313266 
650 0 |a Sociolingüística  |9 263716 
650 0 |a Educación lingüística  |9 306506 
583 |a last modification  |c 20171120 05:02:17  |k Rodrigo Vera 
999 |c 300793  |d 300791 
952 |0 0  |1 0  |4 0  |6 418_000000000000000_PEN_2001  |7 0  |8 A  |9 359072  |a FDOPOS  |b FDOPOS  |d 2019-11-21  |i 3826627  |o 418 PEN 2001  |p 3826627  |r 2025-01-22  |w 2019-11-21  |y BK  |k MLA 
952 |0 0  |1 0  |4 0  |6 418_000000000000000_PEN_2001  |7 0  |8 A  |9 359073  |a FDOPOS  |b FDOPOS  |d 2019-11-21  |i 3925080  |o 418 PEN 2001  |p 3925080  |r 2025-01-22  |w 2019-11-21  |y BK  |k MLA